01076 2200289 4500001002100000005001500021035002000036008004100056245003600097100001900133250000600152260003700158300001100195084001400206082000800220650001400228520043600242990001200678990001200690990001200702990001200714990001200726990001200738990001200750990001200762990001200774INLIS00000000000128520240521014838 a0010-0524000520240521 0 ind 1 aMy Enemy Is Me /cSyafii Efendi aEfendi, Syafii a1 aYogyakarta :bPenerbit WR,c2016 a86 hlm a153 SYA m a153 4aNon Fiksi aBuku kecil ini menjelaskan tentang strategi-strategi untuk meraih kesuksesan menurut Syafii Efendi. Dengan gaya penulisan pribadi, Syafii Efendi memaparkan tentang kesuksesan yang harus diawali dengan manajemen waktu dengan baik serta mengerjakan pekerjaan dan kebiasaan yang positif. Ada beberapa pekerjaan yang kita lakukan sehari-hari dan menjadi tantangan tersendiri mengenai penting tidaknya suatu pekerjaan yang kita lakukan. a0744157 a0744158 a0744159 a0744160 a0744161 a0744162 a0744163 a0744164 a0744165